Normal view
MARC view
Entry Personal Name
001 - CONTROL NUMBER
- control field: 48432
003 - CONTROL NUMBER IDENTIFIER
- control field: OSt
005 - DATE AND TIME OF LATEST TRANSACTION
- control field: 20160324162913.0
008 - FIXED-LENGTH DATA ELEMENTS
- fixed length control field: 160324|| aca||aabn | a|a d
040 ## - CATALOGING SOURCE
- Original cataloging agency: OSt
- Transcribing agency: OSt
100 ## - HEADING--PERSONAL NAME
- Personal name: मार्डेन स्वेट
670 ## - SOURCE DATA FOUND
- Source citation: Work cat.: (OSt)9745: मार्डेन स्वेट , जीवन में अन्नति कैसे करें, 2002









